Joomla: guía completa (Registro nro. 9111)
[ vista simple ]
| 000 -CABECERA | |
|---|---|
| campo de control de longitud fija | 00740ntm a22003017a 4500 |
| 005 - FECHA Y HORA DE ACTUALIZACIÓN | |
| campo de control | 20170322122814.0 |
| 008 - LONGITUD FIJA | |
| campo de control de longitud fija | 170322b xxu||||| |||| 00| 0 spa d |
| 020 ## - INTERNATIONAL STANDARD BOOK NUMBER | |
| Número Internacional Estándar del Libro | 9788441531130 |
| 041 ## - IDIOMA | |
| Código de idioma del texto/pista de sonido o título separado | |
| 082 ## - CLASIFICACIÓN DECIMAL DEWEY | |
| Número de clasificación | 004.67 B954j |
| 100 ## - AUTOR PERSONAL | |
| Nombre de persona | Burge, Stephen |
| 245 ## - TÍTULO PROPIAMENTE DICHO | |
| Título | Joomla: guía completa |
| 260 ## - PIE DE IMPRENTA | |
| Lugar de publicación, distribución, etc. | España |
| 260 ## - PIE DE IMPRENTA | |
| Nombre del editor, distribuidor, etc. | Anaya |
| 260 ## - PIE DE IMPRENTA | |
| Fecha de publicación, distribución, etc. | 2012 |
| 300 ## - DESCRIPCIÓN FÍSICA | |
| Extensión | 447 páginas |
| 650 ## - Materia General | |
| Materia general | JOOMLA |
| 650 ## - Materia General | |
| Materia general | SITIOS WEB |
| 650 ## - Materia General | |
| Materia general | EDICIÓN DE CONTENIDOS |
| 650 ## - Materia General | |
| Materia general | MENÚS |
| 650 ## - Materia General | |
| Materia general | COMPONENTES |
| 650 ## - Materia General | |
| Materia general | MÓDULOS |
| 650 ## - Materia General | |
| Materia general | PLUGINS |
| 650 ## - Materia General | |
| Materia general | PLANTILLAS |
| 650 ## - Materia General | |
| Materia general | EXTENSIONES |
| 650 ## - Materia General | |
| Materia general | USUARIOS |
| 942 ## - Punto de Acceso Adicional Koha | |
| Tipo de ítem Koha | Libro |
| Estado perdido | Estado dañado | No para préstamo | Biblioteca permanente | Biblioteca actual | Signatura completa | Código de barras | Precio efectivo a partir del | Tipo de ítem |
|---|---|---|---|---|---|---|---|---|
| Departamento de Biblioteca y Documentación Alfonso Chase Brenes | Departamento de Biblioteca y Documentación Alfonso Chase Brenes | 004.67 B954j | 21810 | 22/03/2017 | Libro | |||
| Departamento de Biblioteca y Documentación Alfonso Chase Brenes | Departamento de Biblioteca y Documentación Alfonso Chase Brenes | 004.67 B954j | 21811 | 22/03/2017 | Libro |